[Event "26th EUR-ch"]
[Site "Katowice POL"]
[Date "2026.04.08"]
[Round "2.103"]
[White "Dehtiarov, Roman"]
[Black "Celik, Ali Alper"]
[Result "1-0"]
[WhiteElo "2452"]
[BlackElo "2256"]
[EventDate "2026.04.07"]
[PlyCount "89"]

1.c4 e5 2.g3 c6 3.Nf3 e4 4.Nd4 d5 5.cxd5 Qxd5 6.Nc2 Nf6 7.Nc3 Qe5 8.Bg2 
Bf5 9.O-O Be7 10.Ne3 Bg6 11.d4 exd3 12.f4 Qd4 13.f5 Ng4 14.fxg6 Nxe3 15.
gxf7+ Kf8 16.Bxe3 Qxe3+ 17.Kh1 Nd7 18.exd3 Nf6 19.Qb3 Qb6 20.Qe6 Rd8 21.
Ne4 Nxe4 22.dxe4 h5 23.Rad1 Rh6 24.Qe5 h4 25.gxh4 Rf6 26.Qh5 Rh6 27.Qf5 
Rxh4 28.e5 Qc7 29.h3 Rh6 30.Rfe1 Rh4 31.b4 Rh6 32.b5 cxb5 33.Rxd8+ Bxd8 
34.e6 Be7 35.Qxb5 Qd8 36.Qxb7 Rh4 37.Qb1 a5 38.Qc2 a4 39.Rd1 Rd4 40.Rf1 
Rh4 41.a3 Qb8 42.Rd1 Rh6 43.Qc6 Rh4 44.Qd7 Rc4 45.Bc6 1-0

[Event "26th EUR-ch"]
[Site "Katowice POL"]
[Date "2026.04.08"]
[Round "2.104"]
[White "Veljanoski, Andrej"]
[Black "Tsolakidou, Stavroula"]
[Result "1/2-1/2"]
[WhiteElo "2255"]
[BlackElo "2452"]
[EventDate "2026.04.07"]
[PlyCount "108"]

1.e4 e5 2.Nf3 Nc6 3.Bc4 Bc5 4.c3 d6 5.d4 Bb6 6.dxe5 Bg4 7.exd6 Nf6 8.O-O 
O-O 9.Bg5 h6 10.Bxf6 Qxf6 11.Nbd2 Rad8 12.Qc2 Rxd6 13.Rae1 Ne5 14.Nxe5 
Qxe5 15.Be2 Qg5 16.Nc4 Bh3 17.Bf3 Rg6 18.Qd2 Qf6 19.Qe2 Qg5 20.Qd2 Qf6 21.
Qe2 Qg5 22.Ne3 c6 23.Kh1 Bxe3 24.fxe3 Be6 25.b3 Qe5 26.Qd2 c5 27.c4 Rc8 
28.Rd1 Rc6 29.Qd8+ Kh7 30.Qf8 Rc8 31.Qe7 Rc7 32.Qd8 Rc8 33.Qd2 a6 34.Rf2 
b5 35.Be2 bxc4 36.Bxc4 Bxc4 37.bxc4 Qxe4 38.Qd5 Qxe3 39.Rxf7 Re8 40.h3 Qg3
41.Rg1 Re3 42.Qf5 Re2 43.Qd5 Rg5 44.Qa8 Re1 45.Rxe1 Qxe1+ 46.Kh2 Qg3+ 47.
Kh1 Re5 48.Rf1 Qd3 49.Rf4 Qb1+ 50.Kh2 Qxa2 51.Qb7 Qa1 52.Qf7 Qc3 53.Rg4 
Re3 54.Qf5+ Kg8 1/2-1/2

[Event "26th EUR-ch"]
[Site "Katowice POL"]
[Date "2026.04.08"]
[Round "2.105"]
[White "Willow, Jonah"]
[Black "Karpus, Michal"]
[Result "1/2-1/2"]
[WhiteElo "2452"]
[BlackElo "2243"]
[EventDate "2026.04.07"]
[PlyCount "114"]

1.Nf3 e6 2.c4 c5 3.g3 Nc6 4.Bg2 d5 5.cxd5 exd5 6.d4 Nf6 7.O-O h6 8.Nc3 Be7
9.dxc5 Bxc5 10.a3 a6 11.b4 Ba7 12.Bb2 O-O 13.Rc1 Bf5 14.Na4 Ne4 15.Nd4 Bd7
16.Nc5 Bxc5 17.bxc5 Qe7 18.Qb3 Nxd4 19.Bxd4 Bc6 20.Qb2 f6 21.h4 Rac8 22.
Kh2 Bb5 23.Qb4 Bc4 24.Rfe1 Rfe8 25.e3 Nxf2 26.Rxc4 dxc4 27.Bxb7 Qe6 28.
Bxc8 Rxc8 29.Qb7 Qh3+ 30.Kg1 Nd3 31.Re2 Nxc5 32.Qd5+ Qe6 33.e4 Qxd5 34.
exd5 Na4 35.d6 Rd8 36.Rc2 c3 37.Bxc3 Nxc3 38.Rxc3 Rxd6 39.Kg2 Kf7 40.Rc7+ 
Kg6 41.Ra7 h5 42.a4 Kf5 43.Rxg7 Rd4 44.Rh7 Kg6 45.Rc7 Rxa4 46.Rc5 a5 47.
Rb5 Ra3 48.Kf2 a4 49.Ra5 Ra1 50.Kg2 a3 51.Kf2 Kf7 52.Kg2 Kg6 53.Kf2 a2 54.
Kg2 Kf7 55.Ra6 Ke7 56.Kh2 Kd7 57.Kg2 Ke7 1/2-1/2

[Event "26th EUR-ch"]
[Site "Katowice POL"]
[Date "2026.04.08"]
[Round "2.106"]
[White "Sason, Noam"]
[Black "Aizenberg, Benny"]
[Result "1-0"]
[WhiteElo "2199"]
[BlackElo "2451"]
[EventDate "2026.04.07"]
[PlyCount "77"]

1.e4 c5 2.Nf3 d6 3.d4 cxd4 4.Nxd4 Nf6 5.Nc3 a6 6.Bc4 e6 7.O-O Be7 8.Bb3 
Qc7 9.Qf3 Nc6 10.Nxc6 bxc6 11.Qg3 O-O 12.Bh6 Ne8 13.Rad1 Kh8 14.Bg5 a5 15.
Bxe7 Qxe7 16.Na4 c5 17.c4 e5 18.f4 Nf6 19.fxe5 dxe5 20.Nb6 Ra6 21.Nd5 Nxd5
22.cxd5 c4 23.Ba4 Qb4 24.Bc6 Qxb2 25.Rf2 Qb8 26.Qc3 Qd6 27.Qxc4 Rb6 28.Bb5
h5 29.Rc1 h4 30.h3 Kg8 31.a4 Qg6 32.Kh1 Qg5 33.Rc3 Rg6 34.Qc5 Qd8 35.Qa7 
f5 36.Rfc2 Be6 37.dxe6 Qd1+ 38.Kh2 Qe1 39.e7 1-0

[Event "26th EUR-ch"]
[Site "Katowice POL"]
[Date "2026.04.08"]
[Round "2.107"]
[White "Sousa, Andre Ventura"]
[Black "Pavlidou, Ekaterini"]
[Result "1-0"]
[WhiteElo "2447"]
[BlackElo "2166"]
[EventDate "2026.04.07"]
[PlyCount "79"]

1.e4 e5 2.Nf3 Nc6 3.Bc4 Bc5 4.c3 d6 5.d4 Bb6 6.dxe5 Bg4 7.Nbd2 Nxe5 8.Bb5+
c6 9.Be2 Qf6 10.O-O Bxf3 11.Nxf3 Nxf3+ 12.Bxf3 Ne7 13.a4 O-O 14.a5 Bc7 15.
a6 b5 16.Qd4 Qe6 17.Qd1 Ng6 18.Bg4 Qe7 19.Be3 Rfd8 20.g3 Ne5 21.Be2 Qe6 
22.Qc2 Re8 23.Rfe1 Qh3 24.Qd1 Qe6 25.b3 f5 26.exf5 Qxf5 27.c4 bxc4 28.bxc4
h5 29.Bxh5 Re7 30.Be2 g6 31.Qb1 Qh3 32.Qe4 Rh7 33.Qg2 Qf5 34.f4 Nd7 35.
Qxc6 Re8 36.Bxa7 Nf6 37.Bd4 Rhe7 38.a7 Ba5 39.Bxf6 Qxf6 40.a8=Q 1-0

[Event "26th EUR-ch"]
[Site "Katowice POL"]
[Date "2026.04.08"]
[Round "2.108"]
[White "Obada, Ema"]
[Black "Ljepic, Andrej"]
[Result "1/2-1/2"]
[WhiteElo "2181"]
[BlackElo "2446"]
[EventDate "2026.04.07"]
[PlyCount "76"]

1.e4 b6 2.d4 Bb7 3.Nc3 e6 4.Nf3 Bb4 5.Bd3 d5 6.e5 Ba6 7.Bxa6 Nxa6 8.a3 
Bxc3+ 9.bxc3 Qd7 10.a4 Nb8 11.h4 Nc6 12.h5 h6 13.Rh4 Nge7 14.Ba3 a5 15.Rf4
g5 16.hxg6 Nxg6 17.Rf6 O-O-O 18.Qe2 Nb8 19.Bb2 Qe8 20.Nd2 Rh7 21.g3 Qc6 
22.Rf3 h5 23.Nf1 Nd7 24.Ne3 h4 25.gxh4 Nxh4 26.Rg3 f6 27.f4 fxe5 28.fxe5 
Rf8 29.O-O-O Rhf7 30.c4 Rf2 31.cxd5 exd5 32.Qb5 Qxb5 33.axb5 Nf5 34.Nxf5 
R8xf5 35.Ba3 Rh2 36.Rg8+ Kb7 37.Rg7 Nf8 38.Bxf8 Rxf8 1/2-1/2

[Event "26th EUR-ch"]
[Site "Katowice POL"]
[Date "2026.04.08"]
[Round "2.109"]
[White "Elci, Eren"]
[Black "Kuru, Atilla"]
[Result "1/2-1/2"]
[WhiteElo "2159"]
[BlackElo "2444"]
[EventDate "2026.04.07"]
[PlyCount "35"]

1.d4 d6 2.e4 Nf6 3.Nc3 e5 4.dxe5 dxe5 5.Qxd8+ Kxd8 6.Bc4 Ke8 7.Nf3 Bd6 8.
Be3 a6 9.O-O-O b5 10.Bd5 Nxd5 11.Nxd5 Nd7 12.c4 bxc4 13.Nd2 Nf6 14.Nxc4 
Nxd5 15.Rxd5 Be6 16.Nxd6+ cxd6 17.Rxd6 Bxa2 18.b4 1/2-1/2

[Event "26th EUR-ch"]
[Site "Katowice POL"]
[Date "2026.04.08"]
[Round "2.110"]
[White "Navara, David"]
[Black "Blanquet, Camille"]
[Result "1-0"]
[WhiteElo "2643"]
[BlackElo "2107"]
[EventDate "2026.04.07"]
[PlyCount "53"]

1.e4 c5 2.Nf3 Nc6 3.d4 cxd4 4.Nxd4 Nf6 5.Nc3 d6 6.Bg5 e6 7.Qd2 a6 8.O-O-O 
Bd7 9.f3 Be7 10.Kb1 b5 11.h4 h6 12.Be3 h5 13.Nxc6 Bxc6 14.Bg5 Qb6 15.Ne2 
O-O-O 16.Nd4 Bd7 17.Be3 Qc7 18.c4 e5 19.cxb5 exd4 20.Rc1 dxe3 21.Rxc7+ 
Kxc7 22.Qa5+ Kb8 23.Qb6+ Ka8 24.Qxa6+ Kb8 25.b6 Bc6 26.Qa7+ Kc8 27.Qc7# 
1-0

[Event "26th EUR-ch"]
[Site "Katowice POL"]
[Date "2026.04.08"]
[Round "2.111"]
[White "Lagarde, Maxime"]
[Black "Azoulay, Yehonatan"]
[Result "1-0"]
[WhiteElo "2621"]
[BlackElo "2298"]
[EventDate "2026.04.07"]
[PlyCount "91"]

1.c4 Nf6 2.Nc3 g6 3.g3 Bg7 4.Bg2 c6 5.e4 e5 6.Nge2 c5 7.a3 Nc6 8.d3 d6 9.
h3 O-O 10.Rb1 Nd4 11.b4 b6 12.O-O Bd7 13.Kh2 a6 14.a4 Rb8 15.Ba3 Be6 16.
Nd5 Nxd5 17.exd5 Bf5 18.Nc3 Qc7 19.Qd2 Rfc8 20.Rfc1 Qd8 21.Rb2 Bd7 22.a5 
b5 23.Ne4 Bf5 24.bxc5 Bxe4 25.dxe4 b4 26.Rxb4 dxc5 27.Rxb8 Rxb8 28.Bxc5 
Nb3 29.Qe3 Nxc1 30.Bb6 Qc8 31.Qxc1 Bf8 32.f4 Bd6 33.fxe5 Bxe5 34.c5 Qd7 
35.Qg5 f6 36.Qg4 Qxg4 37.hxg4 Kf7 38.Bf1 Ra8 39.Bc4 Ke7 40.Bb3 h5 41.d6+ 
Kd7 42.Ba4+ Ke6 43.d7 hxg4 44.d8=Q Rxd8 45.Bxd8 f5 46.c6 1-0

[Event "26th EUR-ch"]
[Site "Katowice POL"]
[Date "2026.04.08"]
[Round "2.112"]
[White "Boci, Mateu"]
[Black "Yuffa, Daniil"]
[Result "0-1"]
[WhiteElo "2256"]
[BlackElo "2595"]
[EventDate "2026.04.07"]
[PlyCount "84"]

1.e4 c5 2.Nf3 d6 3.d4 cxd4 4.Nxd4 Nf6 5.Nc3 a6 6.Be2 e5 7.Nb3 Be7 8.Be3 
Be6 9.Nd5 Nbd7 10.Qd3 Bxd5 11.exd5 Rc8 12.c4 a5 13.O-O O-O 14.Kh1 Re8 15.
Rac1 Bf8 16.f4 a4 17.Nd2 Nc5 18.Bxc5 Rxc5 19.fxe5 Rxe5 20.Nf3 Re8 21.Nd4 
g6 22.Qf3 Bg7 23.Nb5 Re5 24.Bd3 Qe7 25.Rcd1 h5 26.h3 h4 27.Qf2 Nh5 28.Rfe1
Ng3+ 29.Kg1 Rc8 30.Rxe5 Bxe5 31.Re1 Qf8 32.b4 axb3 33.axb3 Re8 34.Bb1 Bf4 
35.Bd3 Rxe1+ 36.Qxe1 Qd8 37.c5 Qg5 38.Qe8+ Kg7 39.Nc7 Be5 40.cxd6 Qc1+ 41.
Kf2 Qf4+ 42.Kg1 Bd4+ 0-1

[Event "26th EUR-ch"]
[Site "Katowice POL"]
[Date "2026.04.08"]
[Round "2.113"]
[White "Lupulescu, Constantin"]
[Black "Martirosyan, David"]
[Result "1-0"]
[WhiteElo "2587"]
[BlackElo "2281"]
[EventDate "2026.04.07"]
[PlyCount "67"]

1.d4 Nf6 2.c4 e6 3.Nf3 Bb4+ 4.Bd2 Qe7 5.e3 b6 6.Bd3 Bb7 7.O-O Bxd2 8.Nbxd2
d6 9.e4 e5 10.Re1 O-O 11.Nb1 exd4 12.Nxd4 Qe5 13.Nb5 Na6 14.N1c3 Rad8 15.
Bf1 Bxe4 16.Nxa7 Rde8 17.c5 Nxc5 18.f3 Qf4 19.Qd4 Ne6 20.Rxe4 Nxe4 21.Qxe4
Qd2 22.Qe2 Qg5 23.Qf2 Nf4 24.g3 Qg6 25.Rd1 Re6 26.Kh1 Nh5 27.Nd5 c5 28.g4 
Nf6 29.Nf4 Nxg4 30.Qg2 Qf6 31.Qxg4 Re5 32.Nd5 Qh6 33.Nc6 Kh8 34.Nxe5 1-0

[Event "26th EUR-ch"]
[Site "Katowice POL"]
[Date "2026.04.08"]
[Round "2.114"]
[White "Amar, Elham"]
[Black "Schippke, Manon"]
[Result "1-0"]
[WhiteElo "2586"]
[BlackElo "2269"]
[EventDate "2026.04.07"]
[PlyCount "63"]

1.e4 c5 2.Nf3 d6 3.d4 cxd4 4.Nxd4 Nf6 5.Nc3 a6 6.h3 e5 7.Nb3 Be7 8.Be3 Be6
9.Qd2 Nbd7 10.O-O-O b5 11.f4 Rc8 12.g4 b4 13.Nd5 Nxe4 14.Qxb4 Bxd5 15.Rxd5
Ng3 16.Rg1 Nxf1 17.Rxf1 Qc7 18.Rf2 O-O 19.fxe5 Nxe5 20.Rd1 Nc4 21.Qc3 Qd8 
22.Bf4 Bf6 23.Nd4 Qb6 24.g5 Be5 25.b3 Na3 26.Qe3 Qc5 27.c4 Qa5 28.Bxe5 
dxe5 29.Nf5 Rc7 30.Rfd2 Qb4 31.Qxe5 Rxc4+ 32.Kb2 1-0

[Event "26th EUR-ch"]
[Site "Katowice POL"]
[Date "2026.04.08"]
[Round "2.115"]
[White "Socko, Bartosz"]
[Black "Topencik, Bruno"]
[Result "1-0"]
[WhiteElo "2584"]
[BlackElo "2265"]
[EventDate "2026.04.07"]
[PlyCount "151"]

1.e4 c5 2.Nf3 e6 3.d4 cxd4 4.Nxd4 Nf6 5.Bd3 Nc6 6.Nxc6 dxc6 7.O-O e5 8.Nd2
Bc5 9.Nb3 Bb6 10.a4 a5 11.Nd2 O-O 12.Nc4 Bc7 13.b3 Be6 14.Ba3 Bxc4 15.Bxc4
Qxd1 16.Rfxd1 Rfe8 17.f3 Rad8 18.Kf1 Nd7 19.c3 Nb6 20.Be2 Rxd1+ 21.Rxd1 
Rd8 22.Rxd8+ Bxd8 23.Bd1 f6 24.Ke2 Kf7 25.Kd3 Be7 26.Bc1 Nd7 27.Bd2 Bd6 
28.Be2 Ke7 29.b4 Bc7 30.Kc4 Nb6+ 31.Kb3 Nd7 32.h4 h6 33.h5 Ke8 34.Be3 Ke7 
35.Bf1 Kd6 36.Bc1 Bb6 37.Ba3 Kc7 38.Bc4 axb4 39.cxb4 Be3 40.Kc3 Bd4+ 41.
Kd3 Kd6 42.Kc2 Kc7 43.Be6 b5 44.Bxd7 Kxd7 45.a5 Kc7 46.Bc1 Kb7 47.Bd2 Ka6 
48.Kb3 Kb7 49.Be1 Ka6 50.Kc2 Kb7 51.Kd3 Ka6 52.f4 c5 53.fxe5 fxe5 54.Kc2 
cxb4 55.Bxb4 Be3 56.Bc3 Bg5 57.Bxe5 Kxa5 58.Bxg7 Kb4 59.Kd3 Kc5 60.Bf8+ 
Kc6 61.Kd4 Bf6+ 62.e5 Bg5 63.e6 Bd2 64.Kd3 Bg5 65.Ke4 Kc7 66.Kf5 Kd8 67.
Kg6 Ke8 68.Bxh6 Bxh6 69.Kxh6 b4 70.Kg5 b3 71.h6 b2 72.h7 b1=Q 73.h8=Q+ Ke7
74.Qf6+ Kd6 75.e7+ Kd7 76.Qf5+ 1-0

[Event "26th EUR-ch"]
[Site "Katowice POL"]
[Date "2026.04.08"]
[Round "2.116"]
[White "Yasmo, Daniil"]
[Black "Kourkoulos-Arditis, Stamatis"]
[Result "1/2-1/2"]
[WhiteElo "2271"]
[BlackElo "2583"]
[EventDate "2026.04.07"]
[PlyCount "85"]

1.d4 Nf6 2.Bg5 d5 3.e3 c5 4.Bxf6 gxf6 5.Nc3 cxd4 6.exd4 h5 7.h4 Nc6 8.Be2 
e6 9.Qd3 Bd7 10.Bf3 Qb6 11.Nge2 O-O-O 12.O-O Kb8 13.a3 Ne7 14.Rfb1 Nf5 15.
g3 Rc8 16.a4 Qc7 17.b3 Bd6 18.Ra2 Bxg3 19.fxg3 Nxg3 20.Kf2 Rhg8 21.Raa1 
Nxe2 22.Nxe2 Qh2+ 23.Ke3 Qxh4 24.Rg1 Bc6 25.Rxg8 Rxg8 26.Rh1 Qg5+ 27.Kf2 
e5 28.Rxh5 Qg7 29.Qf5 e4 30.Rh7 Qg6 31.Qxg6 fxg6 32.Bg2 f5 33.Bh3 Rc8 34.
c3 b5 35.a5 b4 36.cxb4 Bb5 37.Nf4 g5 38.Nxd5 Rc2+ 39.Kg3 f4+ 40.Nxf4 Rc3+ 
41.Kg4 gxf4 42.Kxf4 e3 43.Ke4 1/2-1/2

[Event "26th EUR-ch"]
[Site "Katowice POL"]
[Date "2026.04.08"]
[Round "2.117"]
[White "Dudin, Gleb"]
[Black "Lehaci, Miruna-Daria"]
[Result "1-0"]
[WhiteElo "2566"]
[BlackElo "2258"]
[EventDate "2026.04.07"]
[PlyCount "101"]

1.c4 c5 2.Nc3 Nc6 3.g3 g6 4.Bg2 Bg7 5.a3 d6 6.e3 e6 7.Nge2 Nge7 8.b4 cxb4 
9.axb4 Nxb4 10.d4 O-O 11.Ba3 Nbc6 12.O-O a6 13.Ne4 d5 14.cxd5 exd5 15.N4c3
Bg4 16.Qb3 Bxe2 17.Nxe2 Qd7 18.Nc3 Rfd8 19.Bc5 b5 20.Ra2 Qe6 21.Rfa1 b4 
22.Bxe7 Nxe7 23.Qxb4 Bf8 24.Qb3 Qc6 25.Ra5 Rab8 26.Nxd5 Nxd5 27.Bxd5 Qf6 
28.Qa2 Rb6 29.Bc4 h5 30.Rxa6 Rxa6 31.Qxa6 Bd6 32.Qc6 Qe7 33.Rb1 Rd7 34.Qf3
Kg7 35.h4 Rc7 36.Bd5 Qd8 37.Kg2 Bf8 38.Ra1 Rd7 39.Ra8 Qc7 40.e4 Rd6 41.e5 
Rb6 42.Ba2 Bb4 43.Re8 Ra6 44.Bb3 Ba3 45.e6 f6 46.Rg8+ Kh7 47.Qxf6 Qb7+ 48.
Kh2 Kxg8 49.e7+ Kh7 50.Bg8+ Kh6 51.Qh8# 1-0

[Event "26th EUR-ch"]
[Site "Katowice POL"]
[Date "2026.04.08"]
[Round "2.118"]
[White "Sanal, Vahap"]
[Black "Bourg, Nicolas"]
[Result "1-0"]
[WhiteElo "2551"]
[BlackElo "2249"]
[EventDate "2026.04.07"]
[PlyCount "77"]

1.Nf3 f5 2.d3 Nf6 3.e4 fxe4 4.dxe4 Nxe4 5.Bd3 Nf6 6.g4 e5 7.g5 e4 8.gxf6 
exf3 9.Bg5 gxf6 10.Qxf3 Bg7 11.Kd2 Nc6 12.Qh5+ Kf8 13.Bh6 Qe7 14.Rg1 Bxh6+
15.Qxh6+ Ke8 16.Nc3 Ne5 17.Nd5 Qd6 18.Rae1 Kd8 19.Rg3 c6 20.Nxf6 Nc4+ 21.
Ke2 Re8+ 22.Kf1 Rf8 23.Rf3 Nxb2 24.Qh4 Kc7 25.Ne8+ Rxe8 26.Rxe8 b6 27.Qg3 
Qxg3 28.hxg3 Nxd3 29.cxd3 a5 30.Rff8 a4 31.Ke1 b5 32.Kd2 b4 33.Kc1 c5 34.
f4 d5 35.f5 b3 36.f6 a3 37.Rxc8+ Rxc8 38.Rxc8+ Kb7 39.axb3 1-0

[Event "26th EUR-ch"]
[Site "Katowice POL"]
[Date "2026.04.08"]
[Round "2.119"]
[White "Gavrilescu, David"]
[Black "Brozyna, Mateusz"]
[Result "1-0"]
[WhiteElo "2545"]
[BlackElo "2242"]
[EventDate "2026.04.07"]
[PlyCount "77"]

1.e4 c6 2.d4 d5 3.e5 Bf5 4.h4 h6 5.Bd3 Bxd3 6.Qxd3 e6 7.Ne2 c5 8.c3 Nc6 9.
h5 Qb6 10.a3 a5 11.a4 cxd4 12.cxd4 Bb4+ 13.Nbc3 Nge7 14.O-O Nf5 15.Rd1 Rd8
16.g4 Nfe7 17.Bf4 Na7 18.Rac1 Nec6 19.Be3 Qa6 20.Qb1 Bxc3 21.Nxc3 Nb4 22.
Rd2 b6 23.f4 Qb7 24.f5 Qe7 25.Rf1 Kd7 26.f6 gxf6 27.Rxf6 Rdg8 28.Rg2 Nbc6 
29.Qf1 Ke8 30.Ne2 Nd8 31.Bxh6 Qb4 32.Be3 Qxb2 33.h6 Qb3 34.Qf3 Nac6 35.g5 
Qxa4 36.Kh2 Ne7 37.Nf4 Qd7 38.Nh5 Nf5 39.Rxf5 1-0

[Event "26th EUR-ch"]
[Site "Katowice POL"]
[Date "2026.04.08"]
[Round "2.120"]
[White "Warmerdam, Max"]
[Black "Zalega, Maciej"]
[Result "1-0"]
[WhiteElo "2545"]
[BlackElo "2233"]
[EventDate "2026.04.07"]
[PlyCount "57"]

1.d4 Nf6 2.c4 g6 3.Nc3 Bg7 4.e4 d6 5.Nf3 Bg4 6.Qa4+ Nfd7 7.Be3 Bxf3 8.gxf3
Nc6 9.O-O-O e5 10.dxe5 Ndxe5 11.Be2 O-O 12.Kb1 Nd7 13.Qc2 a5 14.h4 b6 15.
h5 Nc5 16.Qd2 Nb4 17.Rh3 a4 18.hxg6 hxg6 19.Bd4 f6 20.Rg1 g5 21.f4 Ne6 22.
Be3 a3 23.Bg4 Qe8 24.Bf5 axb2 25.Bh7+ Kf7 26.f5 Qc8 27.Nd5 Rxa2 28.Bg6+ 
Kg8 29.Ne7# 1-0

[Event "26th EUR-ch"]
[Site "Katowice POL"]
[Date "2026.04.08"]
[Round "2.121"]
[White "Petriashvili, Nikoloz"]
[Black "Antolak, Julia"]
[Result "0-1"]
[WhiteElo "2518"]
[BlackElo "2223"]
[EventDate "2026.04.07"]
[PlyCount "92"]

1.e4 c5 2.Nf3 d6 3.d4 cxd4 4.Nxd4 Nf6 5.Nc3 a6 6.Rg1 b5 7.a4 b4 8.Nd5 Nxd5
9.exd5 g6 10.Be3 Bg7 11.Qd2 Bb7 12.Bc4 Qa5 13.Bh6 Bf6 14.Nb3 Qc7 15.Qxb4 
Bxb2 16.Rb1 Bxd5 17.Nd2 Bxc4 18.Qxb2 f6 19.Qc3 d5 20.Nxc4 dxc4 21.Ke2 Nd7 
22.Rgd1 Qxh2 23.Qf3 Qe5+ 24.Kf1 Rd8 25.Qc6 Qh2 26.Be3 O-O 27.Ke2 Ne5 28.
Qe6+ Nf7 29.g3 Qh5+ 30.g4 Qe5 31.Qxc4 Rc8 32.Qd5 Rxc2+ 33.Kf3 Rd8 34.Qb3 
Rdc8 35.Qd5 Qxd5+ 36.Rxd5 R2c4 37.Kg3 Rxa4 38.Rb7 Re8 39.Rdd7 Ne5 40.Rxe7 
Rxe7 41.Rxe7 Nxg4 42.Bc1 h5 43.f3 Ne5 44.Bb2 Kf8 45.Rc7 h4+ 46.Kg2 Ra2 0-1

[Event "26th EUR-ch"]
[Site "Katowice POL"]
[Date "2026.04.08"]
[Round "2.122"]
[White "Talibov, Shiroghlan"]
[Black "Mizzi, Jack"]
[Result "1-0"]
[WhiteElo "2482"]
[BlackElo "2192"]
[EventDate "2026.04.07"]
[PlyCount "59"]

1.e4 e5 2.Nf3 Nc6 3.Bb5 a6 4.Ba4 d6 5.O-O Bd7 6.c4 Nge7 7.Nc3 Ng6 8.d4 
exd4 9.Nxd4 Be7 10.Bxc6 bxc6 11.Be3 O-O 12.Qd2 Ne5 13.b3 c5 14.Nde2 f5 15.
f3 Qe8 16.Nd5 Bd8 17.Bg5 a5 18.Ng3 h6 19.Bxd8 Qxd8 20.exf5 Kh7 21.Qc2 Nc6 
22.f6+ g6 23.Rae1 Rf7 24.Qc3 a4 25.Re3 axb3 26.axb3 Ne5 27.f4 Ng4 28.Re7 
Qf8 29.h3 c6 30.Nb6 1-0

[Event "26th EUR-ch"]
[Site "Katowice POL"]
[Date "2026.04.08"]
[Round "2.123"]
[White "Olsen, Filip Boe"]
[Black "Vainbaum , Moisei"]
[Result "1-0"]
[WhiteElo "2474"]
[BlackElo "2159"]
[EventDate "2026.04.07"]
[PlyCount "95"]

1.d4 Nf6 2.c4 c5 3.d5 b5 4.cxb5 a6 5.e3 e6 6.Nc3 exd5 7.Nxd5 Bb7 8.Nc3 
axb5 9.Nxb5 d5 10.Nf3 Be7 11.Be2 Nc6 12.O-O O-O 13.b3 Ne4 14.Bb2 Bf6 15.
Qc1 Ba6 16.Re1 Qa5 17.Bxf6 Bxb5 18.Bb2 Bxe2 19.Rxe2 Nb4 20.Qd1 Qa6 21.Ne1 
Nxa2 22.Rc2 Qe6 23.Nd3 d4 24.Nxc5 Nxc5 25.Qxd4 f6 26.Rxc5 Qxb3 27.Qc4+ 
Qxc4 28.Rxc4 Rfb8 29.Bd4 Ra6 30.g4 h6 31.Kg2 Rba8 32.Rb1 Ra4 33.Rc7 Nb4 
34.h4 R8a6 35.g5 hxg5 36.hxg5 Nd5 37.g6 Ra8 38.Rd7 Nb4 39.Rc1 R4a5 40.f4 
Rd5 41.Rb7 Nd3 42.Rc4 Rdd8 43.Kf3 Rdc8 44.Rxc8+ Rxc8 45.Ke2 Nc1+ 46.Kd2 
Kf8 47.Bb2 Na2 48.Ra7 1-0

[Event "26th EUR-ch"]
[Site "Katowice POL"]
[Date "2026.04.08"]
[Round "2.124"]
[White "Alpaslan, Utku"]
[Black "Levin, Guy"]
[Result "0-1"]
[WhiteElo "2104"]
[BlackElo "2462"]
[EventDate "2026.04.07"]
[PlyCount "84"]

1.e4 c6 2.d4 d5 3.e5 Bf5 4.Nf3 e6 5.Be2 Nd7 6.O-O h6 7.Nbd2 Ne7 8.c3 a6 9.
b4 a5 10.a3 axb4 11.cxb4 b5 12.Nb3 Nc8 13.Ne1 Ncb6 14.Nc2 Nc4 15.Ne3 Bh7 
16.Bg4 Ndb6 17.f4 Nxe3 18.Bxe3 Nc4 19.Bc1 Qd7 20.f5 Bxf5 21.Bxf5 exf5 22.
Qd3 g6 23.g4 Be7 24.Nc5 Bxc5 25.bxc5 Qe7 26.Ra2 b4 27.gxf5 gxf5 28.Rxf5 
Rg8+ 29.Kh1 Qh4 30.Re2 Qg4 31.Rf1 bxa3 32.e6 f5 33.h3 Qg6 34.Qb1 Qh5 35.
Rh2 Rg7 36.Bxh6 Qxh6 37.Qxf5 Re7 38.Rg2 O-O-O 39.Rg6 Qh4 40.Rg7 Ne3 41.Qf3
Rxg7 42.Qxe3 Rg3 0-1

[Event "26th EUR-ch"]
[Site "Katowice POL"]
[Date "2026.04.08"]
[Round "2.125"]
[White "Hrbek, Stepan"]
[Black "Paprocki, Jaroslaw"]
[Result "1-0"]
[WhiteElo "2460"]
[BlackElo "2136"]
[EventDate "2026.04.07"]
[PlyCount "79"]

1.Nf3 Nf6 2.b3 d5 3.Bb2 Bg4 4.e3 e6 5.d3 Nbd7 6.h3 Bxf3 7.Qxf3 a5 8.a4 
Bb4+ 9.Nd2 O-O 10.g4 c6 11.g5 Ne8 12.h4 f5 13.gxf6 Nexf6 14.Qe2 Qe7 15.Bh3
Rae8 16.Rg1 Qc5 17.Kd1 Qd6 18.c3 Bc5 19.d4 Ba7 20.f4 c5 21.Qb5 cxd4 22.
cxd4 Qb6 23.Bc3 Qxb5 24.axb5 b6 25.b4 a4 26.Rxa4 Bb8 27.Ke2 g6 28.Rc1 Kf7 
29.Bb2 Nh5 30.Rc6 Ng7 31.Nf3 h6 32.Ne5+ Bxe5 33.dxe5 Ra8 34.Ra6 Rfc8 35.
Rd6 Ke7 36.Kd3 Nf5 37.Bxf5 gxf5 38.Bd4 Rxa6 39.bxa6 b5 40.h5 1-0

[Event "26th EUR-ch"]
[Site "Katowice POL"]
[Date "2026.04.08"]
[Round "2.126"]
[White "Tezcan, Alper"]
[Black "Bakhmatskyi, Vladyslav"]
[Result "1-0"]
[WhiteElo "2122"]
[BlackElo "2442"]
[EventDate "2026.04.07"]
[PlyCount "75"]

1.e4 e6 2.d4 d5 3.Nd2 Be7 4.e5 c5 5.c3 cxd4 6.cxd4 Qb6 7.Ndf3 Bb4+ 8.Bd2 
Nc6 9.Bxb4 Qxb4+ 10.Qd2 f6 11.Qxb4 Nxb4 12.Kd2 Bd7 13.a3 Nc6 14.Bd3 Nh6 
15.Re1 fxe5 16.dxe5 O-O 17.h3 Be8 18.Re3 Rd8 19.Ne2 Nf5 20.Bxf5 Rxf5 21.b4
Bg6 22.Rc1 d4 23.Re4 Rxf3 24.gxf3 Bxe4 25.fxe4 Nxe5 26.f4 Nc6 27.Kd3 a6 
28.e5 Kf7 29.h4 Rd5 30.Ng3 a5 31.Rb1 axb4 32.axb4 Ne7 33.h5 g5 34.fxg5 
Rxe5 35.Ne4 Nd5 36.Rf1+ Kg7 37.Kxd4 Rxe4+ 38.Kxe4 1-0

[Event "26th EUR-ch"]
[Site "Katowice POL"]
[Date "2026.04.08"]
[Round "2.127"]
[White "Zhuk, Ivan"]
[Black "Jakubowski, Krzysztof"]
[Result "0-1"]
[WhiteElo "2068"]
[BlackElo "2434"]
[EventDate "2026.04.07"]
[PlyCount "66"]

1.c4 b6 2.Nf3 Bb7 3.d4 Nf6 4.Nc3 e6 5.Bg5 h6 6.Bxf6 Qxf6 7.e4 g5 8.Be2 Nc6
9.h3 O-O-O 10.Qd2 Bg7 11.e5 Qe7 12.O-O h5 13.Qxg5 f6 14.Qd2 fxe5 15.d5 Nd4
16.Nxd4 exd4 17.Nb5 Rhg8 18.Bf3 Qh4 19.c5 Rdf8 20.cxb6 Be5 21.Qe2 Qf4 22.
g3 d3 23.Qe1 Bd4 24.Kh2 Qxf3 25.Nxa7+ Kb8 26.bxc7+ Kxa7 27.Qa5+ Ba6 28.
Rac1 Qxd5 29.Qa4 Bxf2 30.c8=N+ Rxc8 31.Rxc8 Bxg3+ 32.Kg1 Bh2+ 33.Kxh2 Qg2#
0-1

[Event "26th EUR-ch"]
[Site "Katowice POL"]
[Date "2026.04.08"]
[Round "2.128"]
[White "Prokofiev, Valentyn"]
[Black "Rzap, Filip"]
[Result "1-0"]
[WhiteElo "2433"]
[BlackElo "2121"]
[EventDate "2026.04.07"]
[PlyCount "85"]

1.Nf3 Nf6 2.c4 e6 3.Nc3 d5 4.e3 Be7 5.b3 O-O 6.Bb2 b6 7.cxd5 exd5 8.Rc1 c5
9.d4 Bb7 10.Be2 Nbd7 11.O-O Rc8 12.Re1 Re8 13.Bf1 a6 14.Re2 c4 15.a4 Bb4 
16.Rec2 Qe7 17.Ne2 b5 18.axb5 axb5 19.Ne5 Bd6 20.Ng3 g6 21.f4 h5 22.Be2 
Nf8 23.Bf3 Ra8 24.bxc4 dxc4 25.f5 Ra2 26.fxg6 fxg6 27.Rf2 Nd5 28.Bxd5+ 
Bxd5 29.e4 Bxe5 30.dxe5 Be6 31.Nf5 gxf5 32.exf5 Bf7 33.e6 b4 34.Rxc4 Nxe6 
35.fxe6 Qxe6 36.Rc1 Qe3 37.Qc2 b3 38.Qf5 Qe6 39.Qg5+ Qg6 40.Qd2 Kh7 41.
Rcf1 Bc4 42.Qd7+ Kg8 43.Qd4 1-0

[Event "26th EUR-ch"]
[Site "Katowice POL"]
[Date "2026.04.08"]
[Round "2.129"]
[White "Triger, Eitan"]
[Black "Akhvlediani, Irakli"]
[Result "1/2-1/2"]
[WhiteElo "2095"]
[BlackElo "2429"]
[EventDate "2026.04.07"]
[PlyCount "138"]

1.e4 c5 2.Nf3 d6 3.d4 cxd4 4.Nxd4 Nf6 5.Nc3 a6 6.h4 h5 7.f3 e6 8.Be3 Be7 
9.Qd2 b5 10.O-O-O Bb7 11.Bd3 Nbd7 12.a3 Rc8 13.Kb1 Ne5 14.Rhe1 Nfd7 15.Bg5
Nb6 16.f4 Nec4 17.Bxc4 Nxc4 18.Qd3 Qc7 19.Nd5 Bxd5 20.exd5 O-O 21.Bxe7 
Qxe7 22.dxe6 Qxh4 23.Qf5 Qg4 24.Qxg4 hxg4 25.Nf5 fxe6 26.Ne7+ Kf7 27.Nxc8 
Rxc8 28.Re2 Rc6 29.Ka2 Kf6 30.Rde1 d5 31.b3 Nb6 32.Kb2 Nd7 33.b4 Nb6 34.
Kb3 d4 35.Rd1 Rc3+ 36.Ka2 Nc4 37.Rxd4 Rxa3+ 38.Kb1 a5 39.bxa5 Rxa5 40.Rd8 
Ra6 41.Rf8+ Ke7 42.Rb8 Kf6 43.c3 Rc6 44.Kc2 Nb6 45.Kb3 Nd5 46.Rc2 Rc5 47.
g3 Kf5 48.c4 bxc4+ 49.Rxc4 Rxc4 50.Kxc4 Ke4 51.Rb3 Ne3+ 52.Kc3 Nf5 53.Kd2 
Nd6 54.Re3+ Kf5 55.Re5+ Kf6 56.Ke2 Nf5 57.Kf2 Kf7 58.Ra5 Kf6 59.Ra3 Kf7 
60.Rc3 Kf6 61.Rc8 Kf7 62.Rc1 Kf6 63.Rg1 Kf7 64.Ke2 Kf6 65.Kd3 Kf7 66.Ke4 
Kf6 67.Rg2 Nd6+ 68.Kd4 Nf5+ 69.Ke4 Nd6+ 1/2-1/2

[Event "26th EUR-ch"]
[Site "Katowice POL"]
[Date "2026.04.08"]
[Round "2.130"]
[White "Margaritis, Ioannis M."]
[Black "Besou, Hussain"]
[Result "1-0"]
[WhiteElo "2012"]
[BlackElo "2427"]
[EventDate "2026.04.07"]
[PlyCount "81"]

1.d4 Nf6 2.c4 e6 3.Nc3 d5 4.cxd5 exd5 5.Bg5 c6 6.e3 h6 7.Bh4 Be7 8.Bd3 O-O
9.Nge2 Re8 10.O-O a5 11.f3 b5 12.a4 b4 13.Na2 Nbd7 14.Bf2 c5 15.b3 Qb6 16.
Nac1 Ba6 17.Bxa6 Qxa6 18.dxc5 Bxc5 19.Nd4 Ne5 20.Ra2 Rac8 21.Rd2 Ng6 22.
Re1 h5 23.Nd3 Bxd4 24.exd4 Rxe1+ 25.Bxe1 Qe6 26.h4 Qf5 27.g3 Rc3 28.Kg2 
Nf8 29.Nc5 N8d7 30.Rf2 Re3 31.Bd2 Re8 32.Bf4 Rc8 33.Nb7 Qe6 34.Nd6 Rc3 35.
Re2 Ne4 36.fxe4 dxe4 37.Nxe4 Qd5 38.Kh2 Rxb3 39.Qc2 g6 40.Qc8+ Kg7 41.Bh6+
1-0